| 000 | 006220000a22002050004500 | ||
|---|---|---|---|
| 090 |
_aAR _b00568 |
||
| 245 | 1 | 0 | _aStatus of the west Indian manatee in Honduras |
| 650 | 1 | 4 |
_aMamíferos acuáticos _993274 |
| 650 | 1 | 4 |
_aStatus _993631 |
| 650 | 1 | 4 |
_aEspecies en extinción _94653 |
| 650 | 1 | 4 |
_aMortalidad de fauna _993632 |
| 651 | 4 |
_pHonduras _992749 |
|
| 653 |
_gTrichechus _eTrichechus manatus _vmanati |
||
| 041 | 0 | _aInglés | |
| 700 | 1 |
_aPowell, James A. _993288 |
|
| 700 | 1 |
_aCruz, Gustavo _993633 |
|
| 100 | 1 |
_aRathbun, Galen B. _993293 |
|
| 942 | _cARTICULO | ||
| 773 | 1 |
_tBiological Conservation _3147 _h26 _q301-308 _d1983 |
|
| 999 |
_c9660 _d9660 |
||